000 00507nam a2200169Ia 4500
999 _c33284
_d33284
003 OSt
005 20200824132100.0
008 190216s9999||||xx |||||||||||||| ||und||
040 _coclc
082 _a531.2
_bSAX/F
100 _aSaxena, B S
_94316
245 0 _aFundamentals Of Solid State Physics /
_cB S Saxena ; P N Saxena ; R C Gupta
250 _a13th Ed.
260 _bPragathi Prakashan,
_c1995.
_aMeerut:
300 _a978p
942 _cBK
_2ddc
_h531.2
_iSAX/F
_k531.2
_mSAX/F